Normal view
MARC view
- Garay Martínez, Luz Eduviges
Entry Nombre Personal
001 - NUMERO DE CONTROL
- campo de control: 42458
003 - IDENTIFICADOR DE NUMERO DE CONTROL
- campo de control: UPN
005 - FECHA Y HORA DE LA ÜLTIMA TRANSACCIÓN
- campo de control: 20210219194620.0
008 - DATOS DE LONGITUD FIJA
- campo de control de longitud fija: nabaccnnaabn|||||||||| b |nc|||||d
035 ## - NUMERO DE CONTROL
- Número de control: UPN11000014565
040 ## - FUENTE DE CATALOGACIÓN
- Lenguaje de catalogación: SPA
- Agencia de transcripción: UPN
100 1# - ENCABEZAMIENTO - NOMBRE PERSONAL
- Nombre personal: Garay Martínez, Luz Eduviges
670 ## - FUENTE EN LA QUE SE LOCALIZARON DATOS
- Cita de la fuente: T
- Uniform Resource Identifier: http://www.pregrado.udg.mx/Centros/Tem%C3%A1ticos/CUCEI/quimico-farmaceutico-biologo/coordinador
680 ## - NOTA PUBLICA DE ACCESO PÚBLICO
- Frase explicativa de la referencia: Químico Farmacobiólogo, por la Universidad de Guadalajara, 1986-1991, Maestría en Ciencias en Microbiología de Alimentos, 2001-2004, Pasante del Doctorado en Ciencias en Desarrollo Sustentable por la Universidad de Guadalajara, 2006-2009
902 ## - CATALOGADOR
- Catalogador: MCM/260319
